00346 a2200097 4500001001000000005001700010008004100027245009800068100002600166773005600192ART_5297720260410161759.0260409a 10aRepaso de los elementos del tipo penal y otros aspectos relevantes de la evasión tributaria1 aRobiglio, Carolina L.0 tDoctrina tributariag- Nº 497 (ago. 2021)wREV4296